[Event "Druzynowe Mistrzostwa Polski Juniorow 2018 - II Liga"]
[Site "Szczyrk"]
[Date "1899-12-30"]
[Round "6.63"]
[White "Majdanski, Maksymilian"]
[Black "Dahche, Abdel-azziz"]
[Result "1/2-1/2"]
[WhiteTitle "I"]
[BlackTitle "II"]
[WhiteElo "1751"]
[BlackElo "1408"]

1. d4 Nf6 2. c4 d6 3. Nc3 Nbd7 4. e4 e5 5. d5 Nc5 6. f3 a5 7. Be3 Be7 8. Qd2 c6
9. Nge2 Nfd7 10. g4 Nb6 11. Ng3 a4 12. g5 Nbd7 13. dxc6 bxc6 14. Nf5 g6 15. Nxd6+
Kf8 16. Nxc8 Rxc8 17. Bh3 Nb6 18. Bxc8 Qxc8 19. Bxc5 Bxc5 20. b3 Kg7 21. Rd1 Qh3
22. Qe2 Qh4+ 23. Kf1 axb3 24. axb3 Qxg5 25. h4 Qg3 26. Qg2 Qf4 27. h5 Ra8 28.
hxg6 hxg6 29. Ne2 Qe3 30. Ng3 Kf6 31. Nh5+ 1/2-1/2

[Event "Druzynowe Mistrzostwa Polski Juniorow 2018 - II Liga"]
[Site "Szczyrk"]
[Date "1899-12-30"]
[Round "6.64"]
[White "Sleczka, Krzysztof"]
[Black "Szachowicz, Mateusz"]
[Result "1-0"]
[WhiteTitle "II"]
[BlackTitle "III"]
[WhiteElo "1169"]
[BlackElo "1081"]

1. e4 e5 2. Nf3 d6 3. d4 exd4 4. Nxd4 Nf6 5. Nc3 Be7 6. Bg5 O-O 7. Qd2 c6 8. f3
b5 9. h4 b4 10. Nce2 a5 11. g4 Bd7 12. Ng3 g6 13. h5 c5 14. Bc4 Kh8 15. hxg6 fxg6
16. Qh2 h5 17. gxh5 gxh5 18. Bxf6+ Bxf6 19. Qxh5+ Kg7 20. Qh7# 1-0

[Event "Druzynowe Mistrzostwa Polski Juniorow 2018 - II Liga"]
[Site "Szczyrk"]
[Date "1899-12-30"]
[Round "6.65"]
[White "Partyka, Justyna"]
[Black "Skiba, Aleksandra"]
[Result "0-1"]
[WhiteTitle "II"]
[BlackTitle "I+"]
[WhiteElo "1141"]
[BlackElo "1659"]

1. d4 Nf6 2. c4 c5 3. Nf3 cxd4 4. Nxd4 e5 5. Nf3 Nc6 6. Nc3 Bb4 7. Qc2 O-O 8. e3
d5 9. a3 Bxc3+ 10. Qxc3 d4 11. exd4 exd4 12. Qd3 Re8+ 13. Be2 Qe7 14. b4 Bg4 15.
Ra2 Bxf3 16. Qxf3 Ne5 17. Qg3 d3 18. Qe3 dxe2 19. Rxe2 Ng6 20. O-O Qxe3 21. Bxe3
Rad8 22. h3 Rd3 23. Rfe1 Rxa3 24. g4 h6 0-1

[Event "Druzynowe Mistrzostwa Polski Juniorow 2018 - II Liga"]
[Site "Szczyrk"]
[Date "1899-12-30"]
[Round "6.66"]
[White "Lupinska, Kinga"]
[Black "Gorska, Marcelina"]
[Result "1-0"]
[WhiteTitle "II+"]
[BlackTitle "IV"]
[WhiteElo "1102"]
[BlackElo "1000"]

1. e4 e5 2. Nf3 d6 3. d4 exd4 4. Nxd4 Nf6 5. Nc3 Be7 6. Bc4 Nxe4 7. Nxe4 d5 8.
Qd3 dxc4 9. Qxc4 O-O 10. O-O b6 11. Re1 Bb7 12. b3 Bxe4 13. Rxe4 Nd7 14. Bb2 Nf6
15. Ree1 Qd6 16. Nf5 Qc5 17. Nxe7+ Kh8 18. Qf4 Qd6 19. Qxd6 cxd6 20. Ba3 Rfd8
21. Rad1 d5 22. Bb2 Rd7 23. Bxf6 gxf6 24. Rxd5 Rxd5 25. Nxd5 Kg7 26. c4 Rd8 27.
Rd1 Kf8 28. b4 a6 29. c5 bxc5 30. bxc5 Rc8 31. Nxf6 Kg7 32. Ne4 a5 33. Rc1 a4
34. c6 Ra8 1-0

[Event "Druzynowe Mistrzostwa Polski Juniorow 2018 - II Liga"]
[Site "Szczyrk"]
[Date "1899-12-30"]
[Round "6.67"]
[White "Grochol, Kamil"]
[Black "Gworys, Grzegorz"]
[Result "1/2-1/2"]
[WhiteTitle "I"]
[BlackTitle "II"]
[WhiteElo "1726"]
[BlackElo "1534"]

1. e4 c5 2. Nf3 d6 3. d4 cxd4 4. Nxd4 Nf6 5. Nc3 g6 6. Bc4 Bg7 7. Be3 Nc6 8. f3
O-O 9. Qd2 Bd7 10. O-O-O a6 11. h4 b5 12. Nxc6 Bxc6 13. Bd5 Bxd5 14. Nxd5 Nxd5
15. exd5 Qc7 16. Bh6 Bxh6 17. Qxh6 Rfc8 18. Rd2 Qc4 19. Kb1 e5 20. dxe6 Qxe6 21.
h5 Ra7 22. Qf4 Qe5 23. Qd4 Qxd4 24. Rxd4 Rd7 25. hxg6 fxg6 26. Rhd1 Rc6 27. c3
Kf7 28. a4 Ke7 29. axb5 axb5 30. Kc2 Kd8 31. Rb4 Rc5 32. Ra1 Kc7 33. Rf4 Re5 34.
g4 Rde7 35. Ra7+ Kc6 36. Ra6+ Kc7 37. Rf6 Rd7 38. f4 Re2+ 39. Kb3 Re4 40. g5 Rc4
41. Ra8 Kc6 42. Rb8 Re4 43. Rc8+ Kd5 44. Rb8 Kc6 45. Ra8 Rc4 46. Ra6+ Kd5 47.
Rb6 Kc5 48. Rb8 Re4 49. Rc8+ Kd5 50. Rb8 Kc6 51. Kc2 Re2+ 52. Kb3 Re4 53. Rff8
Rc7 54. Rbd8 Rd7 55. Ra8 Rc7 56. Ra6+ Kd5 57. Rf6 Rd7 58. Rb6 Kc5 59. Rb8 Kc6
60. Rc8+ Kd5 61. Rb8 Kc6 62. Ra8 Kc5 63. Rb8 Kc6 64. Rbf8 Kd5 65. Rb8 1/2-1/2

[Event "Druzynowe Mistrzostwa Polski Juniorow 2018 - II Liga"]
[Site "Szczyrk"]
[Date "1899-12-30"]
[Round "6.68"]
[White "Kucharski, Daniel"]
[Black "Oles, Martin"]
[Result "0-1"]
[WhiteTitle "II"]
[BlackTitle "II+"]
[WhiteElo "1532"]
[BlackElo "1488"]

1. d4 Nf6 2. Bg5 Ne4 3. Bf4 g5 4. Bg3 Bg7 5. f3 Nxg3 6. hxg3 c5 7. e3 Qb6 8. Qc1
cxd4 9. c3 dxe3 10. Na3 d5 11. Nc2 Be5 12. Ne2 Qc7 13. g4 Bf4 14. Nxe3 Qe5 15.
Kf2 Nc6 16. g3 Bxe3+ 17. Qxe3 Bd7 18. Nd4 Qxe3+ 19. Kxe3 Nxd4 20. cxd4 Rc8 21.
Kd2 f5 22. gxf5 Bxf5 23. Bd3 Bxd3 24. Kxd3 Kf7 25. Rae1 Rc6 26. Re5 Rf6 27. Rxg5
h6 28. Ke3 Re6+ 29. Kd3 Rf6 30. Ke3 hxg5 31. Rxh8 Rb6 32. Ra8 a6 33. b3 Rc6 34.
Kd2 Rf6 35. Ke3 Rc6 36. Kd2 Rh6 37. Rb8 Rh3 38. Rxb7 Rxg3 39. a4 Rxf3 40. b4 g4
41. Ke2 Rf6 42. b5 g3 43. bxa6 g2 44. Rb1 Rxa6 45. Kf3 Rxa4 46. Rd1 Rxd4 0-1

[Event "Druzynowe Mistrzostwa Polski Juniorow 2018 - II Liga"]
[Site "Szczyrk"]
[Date "1899-12-30"]
[Round "6.69"]
[White "Jendrowiak, Maciej"]
[Black "Kaliszuk, Kamil"]
[Result "0-1"]
[WhiteTitle "II"]
[BlackTitle "II"]
[WhiteElo "1252"]
[BlackElo "1457"]

1. d4 Nf6 2. c4 g6 3. Nc3 Bg7 4. e4 d6 5. Nge2 O-O 6. Ng3 Nbd7 7. Be2 a6 8. Be3
e5 9. O-O h5 10. f4 exd4 11. Bxd4 Re8 12. Bf3 c5 13. Be3 Nb6 14. Qd3 Ng4 15. Bxg4
Bxg4 16. f5 h4 17. Nh1 Qe7 18. Rae1 h3 19. Rf4 Bh5 20. Bd2 Be5 21. Nd5 Nxd5 22.
exd5 Qf6 23. Rfe4 gxf5 24. Qxh3 fxe4 25. Qxh5 Qg6 26. Qh4 Bxb2 27. Nf2 e3 28.
Ng4 exd2 29. Rxe8+ Rxe8 30. Qf2 Rd1+ 31. Qf1 Bd4+ 32. Nf2 Rxf1+ 33. Kxf1 Qf5 34.
Kg1 Qxf2+ 0-1

[Event "Druzynowe Mistrzostwa Polski Juniorow 2018 - II Liga"]
[Site "Szczyrk"]
[Date "1899-12-30"]
[Round "6.70"]
[White "Binek, Dawid"]
[Black "Rzepka, Marcin"]
[Result "1-0"]
[WhiteTitle "II"]
[BlackTitle "III"]
[WhiteElo "1325"]
[BlackElo "1193"]

1. Nf3 d5 2. d4 Nf6 3. c4 e6 4. b3 Nc6 5. c5 Bd7 6. e3 g6 7. Nc3 Bg7 8. a3 a5 9.
Bb5 O-O 10. O-O b6 11. cxb6 cxb6 12. Bb2 Rc8 13. Bxc6 Bxc6 14. Ne5 Bb7 15. f3
Nd7 16. Nd3 Ba6 17. Re1 Re8 18. Qd2 Rc7 19. b4 Bc4 20. bxa5 bxa5 21. a4 Rb7 22.
Ba3 Qc7 23. Reb1 Reb8 24. Rxb7 Rxb7 25. Nc5 Nxc5 26. Bxc5 Bh6 27. f4 f6 28. Qc1
e5 29. g3 g5 30. fxe5 fxe5 31. Rb1 exd4 32. Bxd4 g4 33. Ra1 Qe7 34. Qd2 Rb8 35.
Rb1 Re8 36. Nd1 Rf8 37. Nf2 Ra8 38. Nxg4 Bf8 39. Ne5 Qe8 40. Nxc4 dxc4 41. Qc2
Qc6 42. Rb5 c3 43. Qxc3 Qxc3 44. Bxc3 Re8 45. Kf2 Bh6 46. Bd4 Rc8 47. h4 Rc2+
48. Kf3 Ra2 49. Rxa5 Ra3 50. g4 Bf8 51. Ra8 Kf7 52. Rxf8+ Kxf8 53. Bc5+ 1-0

[Event "Druzynowe Mistrzostwa Polski Juniorow 2018 - II Liga"]
[Site "Szczyrk"]
[Date "1899-12-30"]
[Round "6.71"]
[White "Kucharska, Helena"]
[Black "Orlik, Sandra"]
[Result "1/2-1/2"]
[WhiteTitle "I"]
[BlackTitle "I++"]
[WhiteElo "1322"]
[BlackElo "1683"]

1. d4 d5 2. c4 dxc4 3. e4 e5 4. Nf3 exd4 5. Bxc4 Nc6 6. Qb3 Bb4+ 7. Nbd2 Qe7 8.
O-O Na5 9. Qa4+ Bd7 10. Bb5 c6 11. Bd3 c5 12. Qc2 b5 13. a3 Bxd2 14. Bxd2 Nb7
15. b3 h6 16. Rfe1 Nf6 17. e5 Nd5 18. Be4 Be6 19. b4 Rc8 20. Bxd5 Bxd5 21. Nxd4
O-O 22. bxc5 Nxc5 23. Bb4 a5 24. Bxc5 Rxc5 25. Qd2 a4 26. Nf5 Qg5 27. Qxg5 hxg5
28. Rac1 Rxc1 29. Rxc1 Be6 30. Nd4 Bc4 31. g3 Rd8 32. Nc6 Rd3 33. Na5 Be6 34.
Ra1 Kh7 35. Nb7 Kg6 36. Nd6 Rd5 37. f4 gxf4 38. gxf4 f6 39. Re1 fxe5 40. fxe5
Kg5 41. Kf2 Bf5 42. Re2 Kf4 43. Nxf5 Kxf5 44. e6 Rd8 45. e7 Re8 46. Rb2 Rxe7 47.
Rxb5+ Kf4 48. h3 Re3 49. Rb4+ Re4 50. Rb5 Rd4 51. Rb2 Ke4 52. Ke2 Rc4 53. Rb7
g5 1/2-1/2

[Event "Druzynowe Mistrzostwa Polski Juniorow 2018 - II Liga"]
[Site "Szczyrk"]
[Date "1899-12-30"]
[Round "6.72"]
[White "Bienek, Magdalena"]
[Black "Cieslak, Jessica"]
[Result "1-0"]
[WhiteTitle "II"]
[BlackTitle "I"]
[WhiteElo "1149"]
[BlackElo "1247"]

1. c4 c5 2. Nc3 Nc6 3. g3 e5 4. Bg2 g6 5. e3 Bg7 6. Nge2 Nge7 7. O-O O-O 8. Rb1
f5 9. a3 a5 10. b3 d6 11. Bb2 e4 12. d3 exd3 13. Qxd3 Ne5 14. Qd2 Qc7 15. Nb5
Qb6 16. Qxd6 N5c6 17. Bxg7 Kxg7 18. Nec3 Qd8 19. Qxc5 Rf6 20. Bxc6 Nxc6 21. Qd5
Be6 22. Qxd8 Rxd8 23. Rfd1 Rdf8 24. Nd4 Ne5 25. Nxe6+ Rxe6 26. Kg2 Rfe8 27. Nd5
Rc6 28. Rb2 h5 29. Nf4 g5 30. Nh3 Kh6 31. Rbd2 Ree6 32. Rd5 b6 33. f4 Ng4 34.
Nxg5 Nxe3+ 35. Kf3 Nxd1 36. Nxe6 Rxe6 37. Rxd1 Kg6 38. Rd5 Kf6 39. Re5 Rxe5 40.
fxe5+ Kxe5 41. Ke3 Ke6 42. Kf4 Kf6 43. b4 axb4 44. axb4 Ke6 45. c5 bxc5 46. bxc5
h4 47. c6 Kd6 48. Kxf5 Kxc6 49. gxh4 Kd7 50. Kg6 Ke8 51. Kg7 Ke7 52. h5 1-0

[Event "Druzynowe Mistrzostwa Polski Juniorow 2018 - II Liga"]
[Site "Szczyrk"]
[Date "1899-12-30"]
[Round "6.73"]
[White "Matyszkiewicz, Wiktor"]
[Black "Krupinski, Mikolaj"]
[Result "1/2-1/2"]
[WhiteTitle "I"]
[BlackTitle "II"]
[WhiteElo "1771"]
[BlackElo "1531"]

1. e4 d6 2. d4 Nf6 3. Nc3 e5 4. dxe5 dxe5 5. Bg5 Qxd1+ 6. Rxd1 Bd6 7. Bc4 Be6 8.
Bxe6 fxe6 9. f3 Ke7 10. Nge2 Nc6 11. Kf2 Rad8 12. Be3 Rhf8 13. h3 Rf7 14. Rd2
Rd7 15. Rhd1 Rf8 16. Nc1 Nd4 17. Nb3 Nc6 18. Nc5 Rdd8 19. Nxb7 Rb8 20. Nxd6 cxd6
21. Rxd6 Nb4 22. Bc5 Kf7 23. R1d2 Kg8 24. a3 Na2 25. Nxa2 Nxe4+ 26. Ke3 Nxc5 27.
b4 Na4 28. Rxe6 Nb6 29. Rc6 Rbc8 30. Rxc8 Rxc8 31. Ke4 Kf7 32. Nc1 Rc3 33. Nb3
Ke6 34. Nc5+ Kf6 35. Rd6+ Ke7 36. Re6+ Kf7 37. Rxe5 Rxc2 38. Rf5+ Ke7 39. Rg5
Kf6 40. Kf4 Ra2 41. Ne4+ Kf7 42. Ra5 Kg6 43. Rxa7 Nd5+ 44. Ke5 Nxb4 45. axb4 Rxa7
46. Kd6 Kf5 47. b5 Ra2 48. g3 Ra3 49. b6 Rxf3 50. Nc5 Rf1 51. b7 Rb1 52. Kc7 h5
53. Qb8 Rxb8 54. Kxb8 h4 55. g4+ Kf4 56. Ne6+ Kg3 57. Nxg7 Kxh3 58. g5 Kg4 59.
g6 Kg5 60. Nf5 Kxg6 61. Nxh4+ 1/2-1/2

[Event "Druzynowe Mistrzostwa Polski Juniorow 2018 - II Liga"]
[Site "Szczyrk"]
[Date "1899-12-30"]
[Round "6.74"]
[White "Owoc, Jakub"]
[Black "Bujalski, Mateusz"]
[Result "0-1"]
[WhiteTitle "II"]
[BlackTitle "I"]
[WhiteElo "1511"]
[BlackElo "1804"]

1. e4 c5 2. c3 Nc6 3. d4 cxd4 4. cxd4 e6 5. Nf3 Nf6 6. Bg5 Bb4+ 7. Nc3 Bxc3+ 8.
bxc3 Qa5 9. d5 Nxe4 10. dxc6 Nxg5 11. cxd7+ Bxd7 12. Qd3 Nxf3+ 13. Qxf3 Bc6 14.
Qg3 O-O 15. Rc1 Qxa2 16. Bd3 Qd5 17. O-O Rfd8 18. Rcd1 Qh5 19. f3 Qc5+ 20. Rf2
Qxc3 21. Rfd2 Qc5+ 22. Kh1 g6 23. Qh4 Re8 24. Qf6 a5 25. Be4 Bxe4 26. Rd7 Qf5
27. Rxf7 Qxf6 28. Rxf6 Red8 29. Re1 Bf5 30. g4 Kg7 31. g5 a4 32. Rb1 Bxb1 0-1

[Event "Druzynowe Mistrzostwa Polski Juniorow 2018 - II Liga"]
[Site "Szczyrk"]
[Date "1899-12-30"]
[Round "6.75"]
[White "Pancewicz, Szymon"]
[Black "Wiszniewski, Szymon"]
[Result "1-0"]
[WhiteTitle "II"]
[BlackTitle "II"]
[WhiteElo "1465"]
[BlackElo "1257"]

1. e4 c5 2. Nf3 d6 3. d4 cxd4 4. Nxd4 Nf6 5. Nc3 a6 6. Bc4 e6 7. Bb3 Be7 8. g4
h6 9. Be3 b5 10. Qf3 Qc7 11. Rg1 Nfd7 12. O-O-O Ne5 13. Qe2 Nc4 14. Ndxb5 axb5
15. Nxb5 Qb7 16. Qxc4 O-O 17. Nxd6 Bxd6 18. Rxd6 Qe7 19. Rgd1 Ba6 20. Qd4 Be2
21. Re1 e5 22. Qd5 Bxg4 23. Bc5 Qg5+ 24. Be3 Qe7 25. Rg1 Be6 26. Rxe6 fxe6 27.
Qxa8 1-0

[Event "Druzynowe Mistrzostwa Polski Juniorow 2018 - II Liga"]
[Site "Szczyrk"]
[Date "1899-12-30"]
[Round "6.76"]
[White "Bar, Klaudia"]
[Black "Sidorczuk, Pawel"]
[Result "0-1"]
[WhiteTitle "I"]
[BlackTitle "II"]
[WhiteElo "1478"]
[BlackElo "1393"]

1. e4 e5 2. Nf3 Nc6 3. Bb5 a6 4. Ba4 Nf6 5. O-O Be7 6. Re1 b5 7. Bb3 O-O 8. c3
d5 9. exd5 Nxd5 10. Nxe5 Nxe5 11. Rxe5 c6 12. d4 Bd6 13. Re1 Qh4 14. g3 Qh3 15.
Qf3 Bg4 16. Qg2 Qh5 17. Nd2 Rae8 18. Rxe8 Rxe8 19. f3 Re1+ 20. Kf2 Bh3 21. g4
Qh4+ 22. Qg3 Bxg3+ 23. hxg3 Qe7 24. Ne4 Rxe4 25. fxe4 Qxe4 26. Bxd5 Qxd5 27. Bf4
Qg2+ 28. Ke3 Bxg4 29. Re1 Qf3+ 30. Kd2 Qf2+ 31. Kd3 Qxe1 32. d5 Qe2+ 33. Kd4 Qc4+
34. Ke3 cxd5 35. b3 Qe4+ 36. Kd2 Qe2+ 37. Kc1 Qxa2 38. b4 Bf5 39. Kd1 Qc2+ 40.
Ke1 Bg4 41. Kf1 Qe2+ 42. Kg1 Bf3 0-1

[Event "Druzynowe Mistrzostwa Polski Juniorow 2018 - II Liga"]
[Site "Szczyrk"]
[Date "1899-12-30"]
[Round "6.77"]
[White "Tkaczyk, Weronika"]
[Black "Pawlak, Emilia"]
[Result "1-0"]
[WhiteTitle "I++"]
[BlackTitle "I"]
[WhiteElo "1502"]
[BlackElo "1415"]

1. Nf3 c5 2. g3 g6 3. Bg2 Bg7 4. d4 cxd4 5. Nxd4 Nc6 6. Nxc6 bxc6 7. c3 Rb8 8.
Qc2 Nf6 9. Bf4 Ra8 10. O-O O-O 11. c4 d5 12. Rd1 e6 13. Nc3 Bb7 14. Rac1 Rc8 15.
Qb3 Qe7 16. Be5 Bh6 17. Bxf6 Qxf6 18. Qxb7 Bxc1 19. Rxc1 dxc4 20. Qxa7 Rfd8 21.
Qa6 Rb8 22. Rc2 Rd6 23. Qxc4 Rbd8 24. Bf3 Qf5 25. Rc1 Qg5 26. Rf1 Rd4 27. Qxc6
h5 28. Ne4 Qe5 29. Qc3 Qf5 30. b4 Rd1 31. Rxd1 Rxd1+ 32. Kg2 g5 33. e3 Rg1+ 34.
Kxg1 Qxf3 35. Nxg5 Qd1+ 36. Kg2 Qd5+ 37. Nf3 Qxa2 38. b5 Qb1 39. Qe5 Kf8 40. Qxh5
Ke7 41. Qc5+ Kd8 42. b6 Qb3 43. Qc7+ Ke8 44. b7 1-0

[Event "Druzynowe Mistrzostwa Polski Juniorow 2018 - II Liga"]
[Site "Szczyrk"]
[Date "1899-12-30"]
[Round "6.78"]
[White "Szopa, Emilia"]
[Black "Wolszczak, Natalia"]
[Result "1-0"]
[WhiteTitle "I"]
[BlackTitle "II+"]
[WhiteElo "1422"]
[BlackElo "1079"]

1. e4 e5 2. Nf3 Nc6 3. Bc4 Bc5 4. O-O h6 5. Bb3 d6 6. c3 Bg4 7. d3 Nf6 8. Nbd2
Qd7 9. Re1 O-O 10. Nf1 Rad8 11. a3 Rfe8 12. h3 Be6 13. Bc2 Ne7 14. d4 exd4 15.
cxd4 Bb6 16. d5 Bxh3 17. gxh3 Qxh3 18. Be3 Ng6 19. N1h2 Nh5 20. Bd3 Ne5 21. Bf1
Nxf3+ 22. Qxf3 Qxf3 23. Nxf3 Rxe4 24. Bxb6 Rg4+ 25. Kh1 axb6 26. Re7 Nf6 27. Rxc7
Nxd5 28. Rxb7 Kf8 29. Rd1 Nf4 30. Rxb6 Ke7 31. a4 Rg6 32. a5 Ra8 33. a6 Nh5 34.
Re1+ Kd8 35. Bb5 Re6 36. Rxe6 fxe6 37. Rxd6+ Ke7 38. Rd7+ Kf8 39. a7 Rc8 40. Bc6
Nf6 41. Rb7 h5 42. Rb8 Rxb8 43. Qaxb8+ 1-0

[Event "Druzynowe Mistrzostwa Polski Juniorow 2018 - II Liga"]
[Site "Szczyrk"]
[Date "1899-12-30"]
[Round "6.79"]
[White "Marczak, Szymon"]
[Black "Kulesza, Andrzej"]
[Result "0-1"]
[WhiteTitle "I+"]
[BlackTitle "I"]
[WhiteElo "1954"]
[BlackElo "1918"]

1. b3 Nf6 2. Bb2 g6 3. e3 Bg7 4. f4 d5 5. Nf3 c5 6. Bb5+ Bd7 7. Qe2 O-O 8. Bxd7
Nbxd7 9. d3 Qc7 10. g3 b5 11. Nbd2 Rfc8 12. c4 dxc4 13. bxc4 b4 14. O-O a5 15.
Rfb1 a4 16. a3 Rcb8 17. d4 b3 18. d5 Ne8 19. e4 e5 20. Qe3 Bh6 21. Ng5 Ng7 22.
Ndf3 f6 23. h4 Nh5 24. fxe5 Nxe5 25. Nxe5 fxe5 26. Rf1 Rf8 27. Kg2 Qe7 28. Rad1
Rxf1 29. Kxf1 Bxg5 30. hxg5 Qd6 31. Qc3 Re8 32. Kg2 Qd7 33. d6 Qg4 34. Qe1 Nf4+
35. Kg1 Nh3+ 36. Kg2 Nxg5 37. Bxe5 Qh3+ 38. Kf2 Rxe5 39. d7 Qh2+ 40. Kf1 Qh1+
41. Ke2 Qxe4+ 42. Kd2 Qd4+ 43. Kc1 Qa1+ 44. Kd2 Nf3+ 45. Kd3 Qd4# 0-1

[Event "Druzynowe Mistrzostwa Polski Juniorow 2018 - II Liga"]
[Site "Szczyrk"]
[Date "1899-12-30"]
[Round "6.80"]
[White "Urbanski, Wojciech"]
[Black "Franek, Krzysztof"]
[Result "1-0"]
[WhiteTitle "II"]
[BlackTitle "III"]
[WhiteElo "1560"]
[BlackElo "1156"]

1. e4 b6 2. d4 Bb7 3. Bd3 e6 4. Nf3 c5 5. c3 cxd4 6. cxd4 Nf6 7. Qe2 d5 8. e5 Nfd7
9. O-O Be7 10. Nbd2 Nc6 11. a3 a5 12. Nb1 Ndb8 13. Nc3 Ba6 14. Nb5 O-O 15. Bd2
Nd7 16. Rac1 Rc8 17. Rc3 Ndb8 18. Bxh7+ Kh8 19. Bd3 Kg8 20. Ng5 Bxg5 21. Qh5 g6
22. Bxg6 fxg6 23. Qxg6+ Kh8 24. Bxg5 1-0

[Event "Druzynowe Mistrzostwa Polski Juniorow 2018 - II Liga"]
[Site "Szczyrk"]
[Date "1899-12-30"]
[Round "6.81"]
[White "Gabzdyl, Mateusz"]
[Black "Paprocki, Antoni"]
[Result "1/2-1/2"]
[WhiteTitle "III"]
[BlackTitle "I"]
[WhiteElo "1083"]
[BlackElo "1792"]

1. e4 c5 2. Nf3 d6 3. d4 cxd4 4. Nxd4 Nf6 5. Nc3 a6 6. Be3 e5 7. Nb3 Be6 8. f3
Be7 9. Qd2 O-O 10. O-O-O a5 11. Na4 Nbd7 12. g4 Qc7 13. Kb1 Rfb8 14. c4 Qc6 15.
Nc3 Bxc4 16. Bxc4 Qxc4 17. Rc1 Qa6 18. g5 Ne8 19. Nd5 Bd8 20. h4 a4 21. Na1 Ba5
22. Qg2 Qd3+ 23. Nc2 Bd8 24. Rhd1 Qb5 25. Na3 Qa5 26. Nc4 Qa6 27. Nb4 Qb5 28.
Rd5 Nc5 29. Qd2 Rc8 30. Nxd6 Nxd6 31. Rdxc5 Rxc5 32. Rxc5 Qf1+ 33. Rc1 Qxf3 34.
Qxd6 Qxe3 35. Qxe5 h6 36. gxh6 Qxh6 37. Qe8+ Kh7 38. Qxf7 1/2-1/2

[Event "Druzynowe Mistrzostwa Polski Juniorow 2018 - II Liga"]
[Site "Szczyrk"]
[Date "1899-12-30"]
[Round "6.82"]
[White "Jakubiec, Maurycy"]
[Black "Grzybek, Mikolaj"]
[Result "0-1"]
[WhiteTitle "IV"]
[BlackTitle "II"]
[WhiteElo "1000"]
[BlackElo "1375"]

1. e4 b6 2. Nf3 Bb7 3. Nc3 e6 4. d4 Bb4 5. Bd3 Nf6 6. Qe2 d5 7. Nd2 dxe4 8. Ncxe4
Nbd7 9. c3 Be7 10. Nf3 c5 11. dxc5 Bxc5 12. O-O h6 13. Bf4 O-O 14. h3 a5 15. a4
Nxe4 16. Bxe4 Ba6 17. Qc2 Bxf1 18. Bxa8 Bxg2 19. Kxg2 Qxa8 20. h4 e5 21. Rd1 Qb7
22. Qd2 exf4 23. Qxd7 Qxd7 24. Rxd7 Re8 25. c4 Re2 26. Rd2 Rxd2 27. Nxd2 f5 28.
Nf3 Kf7 29. Ne5+ Kf6 30. Nc6 g5 31. hxg5+ hxg5 32. f3 Ke6 33. b3 Kd6 34. Nd8 Kd7
35. Nf7 Ke6 36. Nd8+ Ke5 37. Nc6+ Kd6 38. Nd8 Be3 39. Nf7+ Kc5 40. Nxg5 Kb4 41.
Nf7 Kxb3 42. Ne5 Kxa4 43. Kf1 Kb3 44. Ke2 a4 45. Nd3 a3 46. Kd1 a2 47. Nc1+ Bxc1
48. Kxc1 Qa1+ 49. Kd2 Qd4+ 0-1

[Event "Druzynowe Mistrzostwa Polski Juniorow 2018 - II Liga"]
[Site "Szczyrk"]
[Date "1899-12-30"]
[Round "6.83"]
[White "Kindler, Karolina"]
[Black "Mysliwiec, Natalia"]
[Result "1-0"]
[WhiteTitle "I++"]
[BlackTitle "I"]
[WhiteElo "1784"]
[BlackElo "1377"]

1. Nf3 d5 2. b3 Nf6 3. Bb2 g6 4. e3 Bg7 5. c4 O-O 6. cxd5 Nxd5 7. Bxg7 Kxg7 8.
d4 Nd7 9. Qc2 N7b6 10. a3 Bd7 11. Bd3 Rc8 12. Nbd2 e6 13. Ne4 Bc6 14. Ne5 Ne7
15. Nxc6 Nxc6 16. Nc5 Rb8 17. O-O Nd7 18. Rfc1 Nxc5 19. Qxc5 Qd6 20. Qc3 Kg8 21.
Be4 Rfc8 22. Bxc6 Qxc6 23. Qxc6 bxc6 24. b4 Rb6 25. Rc5 Rd8 26. Rac1 Rd6 27. Ra5
a6 28. Rac5 Kf8 29. R1c4 Ke7 30. a4 Kd7 31. e4 f6 32. Kf1 h6 33. Ke2 f5 34. f3
Rb7 35. e5 Rd5 36. Rxc6 Rxd4 37. Rxc7+ Rxc7 38. Rxd4+ Ke7 39. Kd2 g5 40. g3 Rc6
41. b5 axb5 42. axb5 Rc5 43. Rb4 Rxe5 44. b6 Rd5+ 45. Kc3 Rd8 46. b7 Rb8 47. Kc4
Kd7 48. Kc5 Kc7 49. Rb6 Kd7 50. Kb5 Kc7 51. Ka6 e5 52. Re6 Rf8 53. Rxe5 Kb8 54.
Re6 h5 55. Rh6 h4 56. gxh4 gxh4 57. h3 f4 58. Rc6 Re8 59. Rc8+ Rxc8 60. Qbxc8+
Kxc8 61. Kb6 Kd7 62. Kc5 Ke6 63. Kd4 Kf5 64. Kd5 Kf6 65. Ke4 Kg5 66. Ke5 Kg6 67.
Kxf4 Kf6 68. Kg4 Ke5 69. f4+ Ke4 70. f5 Ke5 71. Kg5 Kd6 72. Kxh4 Ke5 73. Kg5 Kd6
74. Kg6 Ke7 75. Kg7 Kd6 76. f6 Ke5 77. f7 Kf4 78. Qf8+ Kg3 79. Qf6 Kxh3 80. Qg5
Kh2 81. Kf6 Kh3 82. Kf5 Kh2 83. Kf4 Kh1 84. Kf3 Kh2 85. Qg2# 1-0

[Event "Druzynowe Mistrzostwa Polski Juniorow 2018 - II Liga"]
[Site "Szczyrk"]
[Date "1899-12-30"]
[Round "6.84"]
[White "Pudelko, Magdalena"]
[Black "Gren, Kinga"]
[Result "1-0"]
[WhiteTitle "I"]
[BlackTitle "II+"]
[WhiteElo "1358"]
[BlackElo "1118"]

1. e4 e5 2. Nf3 d6 3. Nc3 Be7 4. d4 exd4 5. Nxd4 Nc6 6. Bb5 Bd7 7. O-O Nf6 8. Nxc6
bxc6 9. Bd3 O-O 10. f4 h6 11. f5 Re8 12. Qf3 Nh7 13. Qg3 Bh4 14. Qg4 Qf6 15. e5
dxe5 16. Ne4 Qd8 17. Bxh6 g6 18. Nc5 Bc8 19. Bc4 g5 20. g3 Nf6 21. Qd1 Kh7 22.
gxh4 Kxh6 23. hxg5+ Kxg5 24. Qc1+ Kh4 25. Qh6+ Nh5 26. Bxf7 Rh8 27. Qxc6 Qd4+
28. Kh1 Ng3+ 29. Kg2 Nxf1 30. Qf6+ Kg4 31. Qg6+ Kf4 32. Rxf1+ Ke3 33. Qg3+ Ke2
34. Qe1# 1-0

[Event "Druzynowe Mistrzostwa Polski Juniorow 2018 - II Liga"]
[Site "Szczyrk"]
[Date "1899-12-30"]
[Round "6.85"]
[White "Miasik, Adrian"]
[Black "Slomczewski, Michal"]
[Result "0-1"]
[WhiteTitle "I++"]
[BlackTitle "I+"]
[WhiteElo "1918"]
[BlackElo "2068"]

1. d4 c5 2. d5 e6 3. c4 Nf6 4. Nc3 exd5 5. cxd5 d6 6. e4 g6 7. Be2 Bg7 8. Nf3 a6
9. a4 Bg4 10. O-O Bxf3 11. Bxf3 O-O 12. Qc2 Nbd7 13. h3 Ne8 14. Be3 Rb8 15. Be2
Nc7 16. Rab1 b5 17. b4 c4 18. a5 f5 19. exf5 gxf5 20. Bf4 Qf6 21. Rbc1 Qxc3 22.
Qxc3 Bxc3 23. Rxc3 Rf6 24. Rd1 Re8 25. Bf3 Ne5 26. Bh5 Ng6 27. Bxg6 hxg6 28. Re3
Rxe3 29. Bxe3 f4 30. Bb6 Ne8 31. Bd8 Rf5 32. f3 Kf7 33. Kf2 Nf6 34. Bxf6 Kxf6
35. Ke2 Re5+ 36. Kf2 Re3 37. Rd4 g5 38. g3 Ke5 39. Rd1 c3 40. gxf4+ gxf4 41. h4
c2 42. Rc1 Rc3 43. Ke2 Kxd5 44. h5 Kc4 45. h6 Kxb4 46. h7 Rc8 47. Kd2 Kxa5 48.
Rxc2 Rh8 49. Rc7 Kb6 50. Rf7 Kc5 51. Kc3 a5 52. Rc7+ Kd5 53. Rb7 b4+ 54. Kb3 Kd4
55. Re7 d5 56. Ka4 Kd3 57. Rb7 Ke2 58. Kxa5 b3 59. Rxb3 Rxh7 60. Kb6 d4 61. Kc5
d3 62. Kd4 0-1

[Event "Druzynowe Mistrzostwa Polski Juniorow 2018 - II Liga"]
[Site "Szczyrk"]
[Date "1899-12-30"]
[Round "6.86"]
[White "Guzik, Natalia"]
[Black "Ciasnocha, Michal"]
[Result "1-0"]
[WhiteTitle "I++"]
[BlackTitle "I"]
[WhiteElo "1668"]
[BlackElo "1723"]

1. e4 e5 2. Nf3 Nf6 3. Bc4 Nc6 4. d3 Be7 5. c3 O-O 6. Bb3 d5 7. exd5 Nxd5 8. O-O
Bg4 9. Re1 Qd6 10. Bc2 Rad8 11. Nbd2 Nf4 12. Ne4 Qh6 13. h3 Bh5 14. Ng3 Bg6 15.
Nxe5 Nxe5 16. Rxe5 Bd6 17. Nf5 Bxf5 18. Rxf5 g6 19. Qg4 Qg7 20. Rxf4 Bxf4 21.
Bxf4 c6 22. Be3 b6 23. Bd4 Qh6 24. Bf6 Rd5 25. Bb3 Rf5 26. Be7 Qd2 27. Bxf8 Qxf2+
28. Kh1 Kxf8 29. Qd4 Qxd4 30. cxd4 Rf2 31. Rc1 Rf6 32. Kg1 Rd6 33. Rf1 f5 34.
g4 Rxd4 35. gxf5 Rxd3 36. fxg6+ Kg7 37. Rf7+ Kxg6 38. Bc2 Kxf7 39. Bxd3 h6 40.
Kf2 Ke6 41. Ke3 Ke5 42. Be4 c5 43. Bd3 a5 44. a4 1-0

[Event "Druzynowe Mistrzostwa Polski Juniorow 2018 - II Liga"]
[Site "Szczyrk"]
[Date "1899-12-30"]
[Round "6.87"]
[White "Babiarz, Arkadiusz"]
[Black "Wojtasik, Szymon"]
[Result "1-0"]
[WhiteTitle "I++"]
[BlackTitle "II"]
[WhiteElo "1810"]
[BlackElo "1343"]

1. e4 c5 2. Nf3 Nc6 3. c3 d5 4. exd5 Qxd5 5. d4 Bg4 6. Be2 Nf6 7. Be3 cxd4 8. cxd4
e6 9. Nc3 Qd6 10. O-O Be7 11. Rc1 O-O 12. a3 Rfd8 13. Nb5 Qd7 14. h3 Bh5 15. Ne5
Bxe2 16. Qxe2 Qc8 17. Nxc6 bxc6 18. d5 c5 19. dxe6 fxe6 20. b4 Ne4 21. Bf4 Qc6
22. Rfe1 Nf6 23. Qxe6+ Qxe6 24. Rxe6 Kf7 25. Rce1 Rd7 26. Bd6 Ng8 27. bxc5 Re8
28. c6 Rdd8 29. c7 Rc8 30. Bxe7 Nxe7 31. Nd6+ Kf8 32. Nxc8 Rxc8 33. Rxe7 a5 34.
Rd7 Rxc7 35. Rxc7 h6 36. Ree7 g5 37. Rh7 Kg8 38. Rhd7 1-0